LEADER 01044nam0-22003611i-450 001 990001777020403321 005 20200916111546.0 010 $a0-7923-1205-8 035 $a000177702 035 $aFED01000177702 035 $a(Aleph)000177702FED01 035 $a000177702 100 $a20030910d1992----km-y0itay50------ba 101 0 $aeng 102 $aNL 105 $aa 001yy 200 1 $aPhysiology of the plant root System$fedited by Jozef Kolek, Vladimir Kozinka 210 $aBoston ; Dordrecht ; London$cKluwer Academic$d1992 215 $aXII, 361 p.$cill.$d24 cm 225 1 $aDevelopments in plant and soil sciences$v46 610 0 $aRadici 610 0 $aFisiologia vegetale 676 $a581.1 676 $a571.2$v23$zita 702 1$aKolek,$bJozef 702 1$aKozinka,$bVladimir 801 0$aIT$bUNINA$gRICA$2UNIMARC 901 $aBK 912 $a990001777020403321 952 $a60 571.2 KOLJ 1992$b3978$fFAGBC 959 $aFAGBC 996 $aPHYSIOLOGY of the plant root System$9408904 997 $aUNINA LEADER 01918nam 2200625 a 450 001 9910451588903321 005 20200520144314.0 010 $a0-8232-4756-2 010 $a0-8232-2617-4 010 $a1-4294-7899-3 035 $a(CKB)1000000000475207 035 $a(OCoLC)191945473 035 $a(CaPaEBR)ebrary10197149 035 $a(SSID)ssj0000122374 035 $a(PQKBManifestationID)11135812 035 $a(PQKBTitleCode)TC0000122374 035 $a(PQKBWorkID)10123889 035 $a(PQKB)10628396 035 $a(MiAaPQ)EBC3239405 035 $a(MdBmJHUP)muse14980 035 $a(Au-PeEL)EBL3239405 035 $a(CaPaEBR)ebr10197149 035 $a(EXLCZ)991000000000475207 100 $a20060308d2006 uy 0 101 0 $aeng 135 $aurcn||||||||| 181 $ctxt 182 $cc 183 $acr 200 12$aA circular journey$b[electronic resource] /$fHelen Barolini 205 $a1st ed. 210 $aNew York $cFordham University Press$d2006 215 $a1 online resource (220 p.) 300 $aBibliographic Level Mode of Issuance: Monograph 311 $a0-8232-2615-8 320 $aIncludes bibliographical references and index. 606 $aAuthors, American$y20th century$vBiography 606 $aItalian American women$xIntellectual life 606 $aAmerican literature$xItalian influences 606 $aItalian Americans in literature 608 $aElectronic books. 615 0$aAuthors, American 615 0$aItalian American women$xIntellectual life. 615 0$aAmerican literature$xItalian influences. 615 0$aItalian Americans in literature. 676 $a818/.5409 676 $aB 700 $aBarolini$b Helen$f1925-$0552495 801 0$bMiAaPQ 801 1$bMiAaPQ 801 2$bMiAaPQ 906 $aBOOK 912 $a9910451588903321 996 $aA circular journey$92287107 997 $aUNINA